LEADER 01960nas 2200565- 450 001 996321833603316 005 20221206170959.0 011 $a2047-6523 035 $a(OCoLC)633497043 035 $a(CKB)954925575999 035 $a(CONSER)--2017260046 035 $a(DE-599)ZDB2114503-9 035 $a(EXLCZ)99954925575999 100 $a20100529a19899999 --- - 101 0 $aeng 135 $aurb|||||||abp 135 $aurb|||||||ada 181 $ctxt$2rdacontent 181 $csti$2rdacontent 182 $cc$2rdamedia 183 $acr$2rdacarrier 200 00$aChemical speciation and bioavailability 210 1$a[Surrey, England] :$cScience and Technology Letters,$d1989- 215 $a1 online resource 300 $aRefereed/Peer-reviewed 311 $a0954-2299 330 $aPublishes results and reviews on the chemical, biological, toxicological, and ecological effects of chemical species in the environment and on methodology for the determination of chemical species and their bioavailability. 606 $aPollution$vPeriodicals 606 $aSpeciation (Chemistry)$vPeriodicals 606 $aBioavailability$vPeriodicals 606 $aEnvironmental chemistry$vPeriodicals 606 $aBioavailability$2fast$3(OCoLC)fst00831935 606 $aEnvironmental chemistry$2fast$3(OCoLC)fst00912860 606 $aPollution$2fast$3(OCoLC)fst01070069 606 $aSpeciation (Chemistry)$2fast$3(OCoLC)fst01129005 608 $aPeriodicals.$2fast 608 $aPeriodicals.$2lcgft 615 0$aPollution 615 0$aSpeciation (Chemistry) 615 0$aBioavailability 615 0$aEnvironmental chemistry 615 7$aBioavailability. 615 7$aEnvironmental chemistry. 615 7$aPollution. 615 7$aSpeciation (Chemistry) 676 $a628.5/2 906 $aJOURNAL 912 $a996321833603316 996 $aChemical speciation and bioavailability$91983533 997 $aUNISA LEADER 01012nam a2200265 i 4500 001 991000119119707536 005 20020503114317.0 008 000601s1990 it ||| | ||| 020 $a8870752151 035 $ab10032472-39ule_inst 035 $aocm00001119$9ExL 040 $aDip.to Beni Culturali$bita 082 04$a022.9 100 1 $aPellicioli, Ivana$07320 245 13$aLa segnaletica per la biblioteca /$cIvana Pelliccioli 260 $aMilano :$bBibliografica,$c1990 300 $a88 p. :$bill. ;$c25 cm. 650 4$aBiblioteche$xServizi$xSegnaletica 907 $a.b10032472$b05-11-12$c31-05-02 912 $a991000119119707536 945 $aLE001$g1$i2001000008476$lle001$o-$pE0.00$q-$rl$s- $t0$u0$v0$w0$x0$y.i10035813$z31-05-02 945 $aLE023 022.9 PEL 1 1 Uff. Bibl.$g1$i2023000159156$lle023$o-$pE0.00$q-$rn$so $t0$u0$v0$w0$x0$y.i1216611x$z05-03-03 996 $aSegnaletica per la biblioteca$9177832 997 $aUNISALENTO 998 $ale001$ale023$b01-01-00$cm$da $e-$fita$git $h3$i1